[Event "Cheliabinsk Lozovatsky Memorial-B"]
[Site "Cheliabinsk"]
[Date "2023.02.05"]
[Round "10"]
[White "Prudnikova, Svetlana"]
[Black "Matsenko, Elena"]
[Result "1-0"]
[WhiteElo "2146"]
[BlackElo "1673"]
[PlyCount "40"]
[EventDate "2023.01.27"]
[EventType "swiss"]
[EventRounds "10"]
[EventCountry "RUS"]
[SourceTitle "CBM 212 Extra"]
[Source "ChessBase"]
[SourceDate "2023.03.31"]
[SourceVersion "1"]
[SourceVersionDate "2023.03.31"]
[SourceQuality "1"]

1. d4 Nf6 2. c4 e6 3. Nf3 d5 4. Nc3 c6 5. e3 Nbd7 6. Bd3 dxc4 7. Bxc4 b5 8. Bd3 a6 9. e4 c5 10. d5 b4 11. dxe6 fxe6 12. Na4 Nb6 13. Ne5 Nxa4 14. Qxa4+ Bd7 15. Qb3 Bd6 16. Nxd7 Qxd7 17. Bc4 e5 18. 0-0 Qb7 19. Bg5 h6 20. Bxf6 gxf6 1-0

[Event "Cheliabinsk Lozovatsky Memorial-B"]
[Site "Cheliabinsk"]
[Date "2023.02.04"]
[Round "9"]
[White "Antonova, Nadezhda"]
[Black "Prudnikova, Svetlana"]
[Result "1-0"]
[WhiteElo "1863"]
[BlackElo "2146"]
[PlyCount "75"]
[EventDate "2023.01.27"]
[EventType "swiss"]
[EventRounds "10"]
[EventCountry "RUS"]
[SourceTitle "CBM 212 Extra"]
[Source "ChessBase"]
[SourceDate "2023.03.31"]
[SourceVersion "1"]
[SourceVersionDate "2023.03.31"]
[SourceQuality "1"]

1. Nf3 d5 2. b3 Bf5 3. Bb2 e6 4. g3 Nf6 5. Bg2 h6 6. 0-0 Be7 7. d3 0-0 8. Nbd2 c5 9. c4 Nc6 10. cxd5 exd5 11. d4 Ne4 12. Rc1 Qa5 13. Nxe4 dxe4 14. Ne5 Nxe5 15. Bc3 Qd8 16. dxe5 Qxd1 17. Rfxd1 Rad8 18. f4 exf3 19. exf3 Rxd1+ 20. Rxd1 Rd8 21. Rxd8+ Bxd8 22. f4 b5 23. Bd5 Bb6 24. Kg2 Kf8 25. a3 Ke7 26. b4 c4 27. Kf3 g6 28. g4 Bc2 29. Bc6 Bd1+ 30. Kg3 Ba4 31. f5 g5 32. h3 Be3 33. Kf3 Bb6 34. Ke4 Bf2 35. Kd5 Bb6 36. f6+ Kf8 37. e6 fxe6+ 38. Kxe6 1-0

[Event "Cheliabinsk Panchenko Memorial op-B"]
[Site "Cheliabinsk"]
[Date "2022.09.19"]
[Round "8"]
[White "Poliakova, Varvara"]
[Black "Prudnikova, Svetlana"]
[Result "1/2-1/2"]
[WhiteElo "1963"]
[BlackElo "2151"]
[PlyCount "54"]
[EventDate "2022.09.12"]
[EventType "swiss"]
[EventRounds "10"]
[EventCountry "RUS"]
[SourceTitle "CBM 210 Extra"]
[Source "ChessBase"]
[SourceDate "2022.11.30"]
[SourceVersion "1"]
[SourceVersionDate "2022.11.30"]
[SourceQuality "1"]

1. e4 e5 2. d4 exd4 3. Qxd4 Nc6 4. Qd3 Nf6 5. Nc3 Bb4 6. Bd2 0-0 7. 0-0-0 Re8 8. f3 d6 9. h4 Ne5 10. Qe2 Be6 11. Nh3 Bc4 12. Qf2 a5 13. g4 b5 14. g5 Nh5 15. Nxb5 Bxf1 16. Rhxf1 Qb8 17. Nd4 c5 18. Nf5 Nc4 19. Bxb4 Qxb4 20. c3 Qa4 21. Nxd6 Qxa2 22. Nxc4 Qxc4 23. Rd5 Rec8 24. Rfd1 a4 25. Qd2 g6 26. Qd3 Qa2 27. Qb1 Qc4 1/2-1/2

[Event "SRB-chT (Women) Div1"]
[Site "Vrnjacka Banja"]
[Date "2021.09.15"]
[Round "10.3"]
[White "Drljevic, Ljilja"]
[Black "Prudnikova, Svetlana"]
[Result "1/2-1/2"]
[WhiteElo "2181"]
[BlackElo "2177"]
[PlyCount "26"]
[EventDate "2021.09.07"]
[EventType "tourn"]
[EventRounds "11"]
[EventCountry "SRB"]
[SourceTitle "CBM 204 Extra"]
[Source "ChessBase"]
[SourceDate "2021.11.30"]
[SourceVersion "1"]
[SourceVersionDate "2021.11.30"]
[SourceQuality "1"]
[WhiteTeam "Belgrade Bas (W)"]
[BlackTeam "Belgrade Crvena Zvezda (W)"]
[WhiteTeamCountry "SRB"]
[BlackTeamCountry "SRB"]

1. e4 c5 2. Nf3 Nc6 3. d3 g6 4. g3 Bg7 5. Bg2 e5 6. 0-0 Nge7 7. c3 0-0 8. a3 d5 9. exd5 Nxd5 10. Nbd2 h6 11. Re1 Re8 12. Qb3 Nc7 13. Qc2 Be6 1/2-1/2

[Event "South Ural Cup-C"]
[Site "Cheliabinsk"]
[Date "2021.07.01"]
[Round "7"]
[White "Prudnikova, Svetlana"]
[Black "Petrukhina, Olga"]
[Result "1-0"]
[WhiteElo "2192"]
[BlackElo "2082"]
[PlyCount "133"]
[EventDate "2021.06.25"]
[EventType "tourn"]
[EventRounds "9"]
[EventCountry "RUS"]
[SourceTitle "CBM 203 Extra"]
[Source "ChessBase"]
[SourceDate "2021.09.30"]
[SourceVersion "1"]
[SourceVersionDate "2021.09.30"]
[SourceQuality "1"]

1. d4 e6 2. Nf3 Nf6 3. g3 d5 4. c4 Be7 5. Bg2 0-0 6. 0-0 dxc4 7. Qc2 a6 8. a4 Bd7 9. Qxc4 Bc6 10. Bg5 Nbd7 11. Nc3 h6 12. Bxf6 Nxf6 13. b4 Bd5 14. Nxd5 exd5 15. Qb3 Qd6 16. Rfb1 a5 17. b5 Nd7 18. Rc1 Rac8 19. e3 Qe6 20. Ne1 c6 21. Nd3 Qf5 22. bxc6 bxc6 23. Qb7 Rfd8 24. Nf4 Rb8 25. Qxc6 Nf6 26. Qc7 Bb4 27. Qe5 Qxe5 28. dxe5 Ng4 29. e6 fxe6 30. Nxe6 Rd6 31. Nd4 Rf8 32. Ra2 Kh7 33. h3 Ne5 34. Rc7 Nd3 35. Rac2 Rdf6 36. f4 Re8 37. Re2 Bc5 38. Kf1 Rb6 39. Nb5 Bxe3 40. Rc3 Rg6 41. Rxd3 Rxg3 42. Nc3 d4 43. Nd5 Rf8 44. Nxe3 dxe3 45. Be4+ g6 46. Rexe3 Rxf4+ 47. Ke2 Rxe3+ 48. Kxe3 Rh4 49. Kd4 Kg7 50. Ke5 Rh5+ 51. Ke6 Rh4 52. Rd7+ Kf8 53. Bxg6 Rxa4 54. Kf6 Rf4+ 55. Bf5 Ke8 56. Ra7 Kd8 57. Rxa5 Kc7 58. Ra7+ Kd6 59. Rd7+ Kc5 60. Rh7 Rh4 61. Kg6 Kd6 62. Rxh6 Rb4 63. Kf6 Kd5 64. Be6+ Kd6 65. h4 Rf4+ 66. Bf5 Kd5 67. Rh8 1-0

[Event "South Ural Cup-C"]
[Site "Cheliabinsk"]
[Date "2021.06.30"]
[Round "6"]
[White "Filippova, Darya"]
[Black "Prudnikova, Svetlana"]
[Result "1-0"]
[WhiteElo "2002"]
[BlackElo "2192"]
[PlyCount "75"]
[EventDate "2021.06.25"]
[EventType "tourn"]
[EventRounds "9"]
[EventCountry "RUS"]
[SourceTitle "CBM 203 Extra"]
[Source "ChessBase"]
[SourceDate "2021.09.30"]
[SourceVersion "1"]
[SourceVersionDate "2021.09.30"]
[SourceQuality "1"]

1. c4 e5 2. Nc3 Nf6 3. g3 Bb4 4. Bg2 Bxc3 5. bxc3 0-0 6. Nf3 Re8 7. 0-0 Nc6 8. Qa4 d6 9. Rb1 Rb8 10. d3 e4 11. Nd4 Bd7 12. Qc2 exd3 13. exd3 Nxd4 14. cxd4 c6 15. Bf4 Bg4 16. c5 Re2 17. Qb3 Be6 18. Qd1 Rxa2 19. Bxd6 Rc8 20. Rxb7 Ne8 21. d5 Nxd6 22. cxd6 cxd5 23. Qb3 Ra6 24. d7 Bxd7 25. Bxd5 Be6 26. Bxe6 fxe6 27. Rxg7+ Kxg7 28. Qb7+ Rc7 29. Qxa6 Qd5 30. Re1 Kf6 31. Qa4 Rd7 32. Qh4+ Kg6 33. Re4 h5 34. Qf4 Rb7 35. h4 Rb1+ 36. Kh2 Rd1 37. Qf8 Rxd3 38. Rf4 1-0

[Event "South Ural Cup-C"]
[Site "Cheliabinsk"]
[Date "2021.06.29"]
[Round "5"]
[White "Eryshkanova, Anastasiya"]
[Black "Prudnikova, Svetlana"]
[Result "1-0"]
[WhiteElo "2228"]
[BlackElo "2192"]
[PlyCount "101"]
[EventDate "2021.06.25"]
[EventType "tourn"]
[EventRounds "9"]
[EventCountry "RUS"]
[SourceTitle "CBM 203 Extra"]
[Source "ChessBase"]
[SourceDate "2021.09.30"]
[SourceVersion "1"]
[SourceVersionDate "2021.09.30"]
[SourceQuality "1"]

1. e4 e5 2. Nf3 Nc6 3. Bc4 Bc5 4. c3 Nf6 5. d4 exd4 6. b4 Bb6 7. e5 d5 8. exf6 dxc4 9. Qe2+ Be6 10. b5 Na5 11. fxg7 Rg8 12. Nxd4 Bxd4 13. cxd4 Qd5 14. 0-0 Rxg7 15. g3 0-0-0 16. Nc3 Bg4 17. Nxd5 Bxe2 18. Ne7+ Kd7 19. Re1 Bd3 20. Bd2 f5 21. Nd5 b6 22. Nf4 Ra8 23. Bxa5 bxa5 24. Nxd3 cxd3 25. Rad1 a6 26. bxa6 Rxa6 27. Rxd3 f4 28. Re5 fxg3 29. hxg3 a4 30. Kg2 Rgg6 31. Rf3 h6 32. Rf7+ Kc8 33. Rc5 Rgc6 34. Kf3 Rab6 35. Ke4 Rxc5 36. dxc5 Rb2 37. c6 Kd8 38. a3 Ra2 39. Rf3 Ke7 40. Kd5 h5 41. Kc5 Rb2 42. Rf4 Ke6 43. Re4+ Kf6 44. Rxa4 Rxf2 45. Ra7 Rf3 46. a4 Rxg3 47. Rxc7 Ke6 48. Rh7 Ra3 49. c7 Rc3+ 50. Kb6 Kd6 51. Kb7 1-0

[Event "South Ural Cup-C"]
[Site "Cheliabinsk"]
[Date "2021.06.25"]
[Round "1"]
[White "Mukhina, Jana"]
[Black "Prudnikova, Svetlana"]
[Result "1/2-1/2"]
[WhiteElo "1988"]
[BlackElo "2192"]
[PlyCount "59"]
[EventDate "2021.06.25"]
[EventType "tourn"]
[EventRounds "9"]
[EventCountry "RUS"]
[SourceTitle "CBM 203 Extra"]
[Source "ChessBase"]
[SourceDate "2021.09.30"]
[SourceVersion "1"]
[SourceVersionDate "2021.09.30"]
[SourceQuality "1"]

1. e4 e5 2. Nf3 Nc6 3. Bb5 Nf6 4. 0-0 Nxe4 5. d4 Nd6 6. dxe5 Nxb5 7. a4 Nbd4 8. Nxd4 Nxd4 9. Qxd4 Be7 10. Qg4 Kf8 11. Qh5 d5 12. exd6 Qxd6 13. Nc3 c6 14. Bg5 f6 15. Rad1 Qb4 16. f4 Qc5+ 17. Kh1 Bf5 18. Bh4 Bxc2 19. Qxc5 Bxc5 20. Rd7 Re8 21. Rxb7 Re7 22. Rb8+ Re8 23. Rxe8+ Kxe8 24. Rc1 Bf5 25. Nb5 cxb5 26. Rxc5 Bd7 27. axb5 Ke7 28. Bf2 Rb8 29. h3 Rb7 30. Rh5 1/2-1/2

[Event "Cheliabinsk Variant Gp-A"]
[Site "Cheliabinsk"]
[Date "2021.03.28"]
[Round "7"]
[White "Ansat, Aldiyar"]
[Black "Prudnikova, Svetlana"]
[Result "1-0"]
[WhiteElo "2333"]
[BlackElo "2180"]
[PlyCount "97"]
[EventDate "2021.03.23"]
[EventType "swiss"]
[EventRounds "10"]
[EventCountry "RUS"]
[SourceTitle "CBM 202 Extra"]
[Source "ChessBase"]
[SourceDate "2021.07.31"]
[SourceVersion "1"]
[SourceVersionDate "2021.07.31"]
[SourceQuality "1"]

1. d4 Nf6 2. Nc3 d5 3. Bf4 Bf5 4. e3 e6 5. Bd3 Bxd3 6. Qxd3 c6 7. Nge2 Bd6 8. 0-0-0 Bxf4 9. Nxf4 Nbd7 10. f3 Qc7 11. g4 g5 12. Nfe2 0-0-0 13. h4 h6 14. e4 dxe4 15. Nxe4 Nxe4 16. fxe4 Ne5 17. Qg3 Ng6 18. Qxc7+ Kxc7 19. h5 Ne7 20. Rhf1 Rhf8 21. Rf6 Ng8 22. Rf3 f6 23. c4 b6 24. Rdf1 Kd6 25. Kd2 Ke7 26. Ke3 Rd7 27. Nc3 Rfd8 28. d5 cxd5 29. exd5 b5 30. cxb5 exd5 31. Kd4 Rd6 32. Re1+ Kf7 33. Rfe3 R8d7 34. Ne2 a6 35. a4 axb5 36. axb5 Ne7 37. Ra1 f5 38. Rf3 f4 39. Ra6 Rxa6 40. bxa6 Ra7 41. Ra3 Nc6+ 42. Kc5 Nb8 43. Kb6 Rxa6+ 44. Rxa6 Nxa6 45. Kxa6 f3 46. Ng3 Ke6 47. b4 d4 48. b5 d3 49. Nf1 1-0

[Event "Cheliabinsk Variant Gp-A"]
[Site "Cheliabinsk"]
[Date "2021.03.27"]
[Round "5"]
[White "Salemgareev, Tagir"]
[Black "Prudnikova, Svetlana"]
[Result "1-0"]
[WhiteElo "2480"]
[BlackElo "2180"]
[PlyCount "73"]
[EventDate "2021.03.23"]
[EventType "swiss"]
[EventRounds "10"]
[EventCountry "RUS"]
[SourceTitle "CBM 202 Extra"]
[Source "ChessBase"]
[SourceDate "2021.07.31"]
[SourceVersion "1"]
[SourceVersionDate "2021.07.31"]
[SourceQuality "1"]

1. d4 Nf6 2. c4 e6 3. Nf3 b6 4. g3 Ba6 5. Qc2 c5 6. d5 exd5 7. cxd5 d6 8. e4 Bxf1 9. Kxf1 g6 10. Kg2 Bg7 11. Nc3 0-0 12. Re1 Re8 13. Bf4 a6 14. a4 Ra7 15. Rad1 Ng4 16. h3 Ne5 17. Nxe5 Bxe5 18. Bxe5 dxe5 19. Nb1 Nd7 20. Na3 h5 21. h4 Qb8 22. Qe2 Rc8 23. Rb1 Qd6 24. Nc4 Qf8 25. Rec1 Rb8 26. b3 b5 27. Na5 Rb6 28. Nc6 Ra8 29. Ra1 f6 30. axb5 axb5 31. Rxa8 Qxa8 32. g4 Qa3 33. Rc3 hxg4 34. Qxg4 Nf8 35. Rg3 Rb7 36. Qc8 Rg7 37. Qd8 1-0

[Event "Cheliabinsk Lozovatsky Memorial-A"]
[Site "Cheliabinsk"]
[Date "2021.01.23"]
[Round "10"]
[White "Borisova, Ekaterina"]
[Black "Prudnikova, Svetlana"]
[Result "1/2-1/2"]
[WhiteElo "2309"]
[BlackElo "2173"]
[PlyCount "49"]
[EventDate "2021.01.15"]
[EventType "swiss"]
[EventRounds "10"]
[EventCountry "RUS"]
[SourceTitle "CBM 200 Extra"]
[Source "ChessBase"]
[SourceDate "2021.03.31"]
[SourceVersion "1"]
[SourceVersionDate "2021.03.31"]
[SourceQuality "1"]

1. d4 d5 2. c4 e6 3. Nf3 Nf6 4. g3 Be7 5. Bg2 0-0 6. 0-0 dxc4 7. Qc2 a6 8. a4 Bd7 9. Qxc4 Bc6 10. Bf4 Nbd7 11. Nc3 Bd6 12. a5 Bxf4 13. gxf4 Qe7 14. e3 Bxf3 15. Bxf3 c6 16. Ra3 Nd5 17. Rb3 Rab8 18. Ne4 f5 19. Nc3 Kh8 20. Kh1 Qh4 21. Qe2 Rg8 22. Bxd5 exd5 23. Qf3 Nf6 24. Qg3 Qxg3 25. hxg3 1/2-1/2

[Event "Cheliabinsk Lozovatsky Memorial-A"]
[Site "Cheliabinsk"]
[Date "2021.01.21"]
[Round "8"]
[White "Badelka, Olga"]
[Black "Prudnikova, Svetlana"]
[Result "1/2-1/2"]
[WhiteElo "2440"]
[BlackElo "2173"]
[PlyCount "70"]
[EventDate "2021.01.15"]
[EventType "swiss"]
[EventRounds "10"]
[EventCountry "RUS"]
[SourceTitle "CBM 200 Extra"]
[Source "ChessBase"]
[SourceDate "2021.03.31"]
[SourceVersion "1"]
[SourceVersionDate "2021.03.31"]
[SourceQuality "1"]

1. c4 Nf6 2. Nc3 e5 3. g3 Bb4 4. Bg2 0-0 5. Nf3 Bxc3 6. bxc3 d6 7. d3 e4 8. Nd4 exd3 9. exd3 Re8+ 10. Be3 Ng4 11. Qd2 Nxe3 12. fxe3 c5 13. Nc2 Nc6 14. 0-0 Be6 15. Rab1 Qd7 16. Bd5 Bxd5 17. cxd5 Ne5 18. e4 c4 19. d4 Nd3 20. Ne3 b5 21. Qg2 a6 22. Nf5 f6 23. Qf3 Rf8 24. g4 g6 25. Ng3 a5 26. a3 Rab8 27. Ne2 Rf7 28. Nf4 Nxf4 29. Qxf4 Re8 30. Rf2 Kg7 31. Kg2 Rb8 32. Kg3 Rb7 33. h4 h6 34. h5 g5 35. Qe3 Qe8 1/2-1/2

[Event "Cheliabinsk Lozovatsky Memorial-A"]
[Site "Cheliabinsk"]
[Date "2021.01.16"]
[Round "2"]
[White "Prudnikova, Svetlana"]
[Black "Radzhabov, Rodion"]
[Result "0-1"]
[WhiteElo "2173"]
[BlackElo "2344"]
[PlyCount "29"]
[EventDate "2021.01.15"]
[EventType "swiss"]
[EventRounds "10"]
[EventCountry "RUS"]
[SourceTitle "CBM 200 Extra"]
[Source "ChessBase"]
[SourceDate "2021.03.31"]
[SourceVersion "1"]
[SourceVersionDate "2021.03.31"]
[SourceQuality "1"]

1. Nf3 Nf6 2. c4 e6 3. Nc3 c5 4. g3 b6 5. Bg2 Bb7 6. 0-0 Be7 7. d4 cxd4 8. Qxd4 d6 9. Bg5 h6 10. Bxf6 Bxf6 11. Qf4 0-0 12. Rfd1 Be7 13. Ne4 Nd7 14. Nd4 Qc7 15. b3 0-1

[Event "Satka Autumn op (Women)"]
[Site "Satka"]
[Date "2020.10.28"]
[Round "8"]
[White "Prudnikova, Svetlana"]
[Black "Borisova, Ekaterina"]
[Result "0-1"]
[WhiteElo "2203"]
[BlackElo "2292"]
[PlyCount "81"]
[EventDate "2020.10.21"]
[EventType "swiss"]
[EventRounds "9"]
[EventCountry "RUS"]
[SourceTitle "CBM 199 Extra"]
[Source "ChessBase"]
[SourceDate "2021.01.31"]
[SourceVersion "1"]
[SourceVersionDate "2021.01.31"]
[SourceQuality "1"]

1. Nf3 Nf6 2. c4 g6 3. Nc3 Bg7 4. e4 e5 5. d4 exd4 6. Nxd4 0-0 7. Be2 c6 8. 0-0 Re8 9. Bf3 d6 10. Bf4 Na6 11. Re1 Nc5 12. Nb3 Nxb3 13. axb3 Bf8 14. Qd4 Bg4 15. Bg5 Bxf3 16. Bxf6 c5 17. Bxd8 cxd4 18. Nb5 Rxe4 19. Bf6 Rxe1+ 20. Rxe1 Bg4 21. Nxd4 a6 22. f3 Bd7 23. g4 h6 24. h4 Rc8 25. g5 Rc5 26. Kf2 h5 27. Ke3 d5 28. Kd3 dxc4+ 29. bxc4 Rc8 30. Re4 Bd6 31. Be7 Bg3 32. Ne2 Bf2 33. Kc3 Bf5 34. Re5 Bxh4 35. Nd4 Bg3 36. Rd5 h4 37. Nxf5 gxf5 38. Bd6 f4 39. Rd1 h3 40. Kd4 Kh7 41. Ke4 0-1

[Event "Satka Autumn op (Women)"]
[Site "Satka"]
[Date "2020.10.26"]
[Round "6"]
[White "Prudnikova, Svetlana"]
[Black "Kovanova, Baira"]
[Result "0-1"]
[WhiteElo "2203"]
[BlackElo "2324"]
[PlyCount "86"]
[EventDate "2020.10.21"]
[EventType "swiss"]
[EventRounds "9"]
[EventCountry "RUS"]
[SourceTitle "CBM 199 Extra"]
[Source "ChessBase"]
[SourceDate "2021.01.31"]
[SourceVersion "1"]
[SourceVersionDate "2021.01.31"]
[SourceQuality "1"]

1. d4 Nf6 2. g3 c5 3. Nf3 cxd4 4. Nxd4 g6 5. Bg2 Bg7 6. c4 Nc6 7. 0-0 h5 8. h4 0-0 9. Nc3 Ng4 10. e3 Nge5 11. b3 d6 12. Bb2 Bg4 13. f3 Bd7 14. Qd2 Nxd4 15. exd4 Nc6 16. Ne2 a5 17. Kh1 Bf5 18. Bc3 d5 19. f4 e6 20. Rad1 Bg4 21. Bf3 Ne7 22. Bxg4 hxg4 23. c5 Nf5 24. Kg2 b6 25. cxb6 Qxb6 26. Rh1 Rfc8 27. h5 Rc6 28. hxg6 fxg6 29. Rc1 a4 30. Ba5 Qb5 31. Rxc6 Qxc6 32. Rc1 Qa6 33. b4 Nd6 34. Rc7 Nc4 35. Qd3 Kh7 36. f5 exf5 37. Nf4 Re8 38. Kf2 Re3 39. Qxe3 Nxe3 40. Kxe3 Qf1 41. b5 Qxb5 42. Ne6 Qxa5 43. Rxg7+ Kh6 0-1

[Event "SRB-chT (Women)"]
[Site "Valjevo"]
[Date "2020.09.27"]
[Round "4.6"]
[White "Prudnikova, Svetlana"]
[Black "Rakic, Teodora"]
[Result "1-0"]
[WhiteElo "2216"]
[BlackElo "2005"]
[PlyCount "109"]
[EventDate "2020.09.25"]
[EventType "team-tourn"]
[EventRounds "11"]
[EventCountry "SRB"]
[SourceTitle "CBM 198 Extra"]
[Source "ChessBase"]
[SourceDate "2020.11.30"]
[SourceVersion "1"]
[SourceVersionDate "2020.11.30"]
[SourceQuality "1"]
[WhiteTeam "Rudovci Radnicki (W)"]
[BlackTeam "Belgrade Crvena Zvezda (W)"]
[WhiteTeamCountry "SRB"]
[BlackTeamCountry "SRB"]

1. Nf3 Nf6 2. c4 e6 3. g3 b6 4. Bg2 Bb7 5. 0-0 Be7 6. Nc3 0-0 7. Re1 c5 8. e4 d6 9. d4 cxd4 10. Nxd4 Qc8 11. Be3 Nbd7 12. Rc1 Qb8 13. f4 Rc8 14. b3 Nc5 15. Bf2 Bf8 16. f5 e5 17. Nc2 a6 18. g4 b5 19. g5 Ne8 20. Ne3 Bc6 21. b4 Nd7 22. cxb5 axb5 23. g6 fxg6 24. fxg6 h6 25. Bh3 Nef6 26. Be6+ Kh8 27. Ned5 Bxd5 28. Nxd5 Rxc1 29. Qxc1 Qb7 30. Re2 Re8 31. Bf7 Rc8 32. Rc2 Rxc2 33. Qxc2 Nxd5 34. Bxd5 Qb8 35. Qc6 Nf6 36. Qa8 Qxa8 37. Bxa8 d5 38. a3 dxe4 39. Bc6 Bd6 40. Bxb5 Kg8 41. Bc6 Kf8 42. Kg2 e3 43. Bxe3 Ke7 44. Bd2 Nh5 45. Be4 Nf6 46. Kf3 Nd7 47. a4 Nb6 48. a5 Nc4 49. Bc3 Bc7 50. Bd5 Na3 51. Ke4 Bd6 52. Bxe5 Bxb4 53. a6 Nb5 54. Bxg7 Nd6+ 55. Kd3 1-0